000 01688nam a2200445 c 4500
999 _c51400
_d51400
001 51400
003 ES-MaCES
005 20191227105225.0
007 cr |||||||||||
008 191226s2019 lu | m000 | eng d
020 _a9789289718127
020 _a9789289718134 (pdf)
040 _aES-MaCES
_bspa
_cES-MaCES
245 1 0 _aMeasuring varieties of industrial relations in Europe
_b: a quantitative analysis
_c[authors, Maria Caprile ... et al.] ; Eurofound
260 _aLuxembourg
_bPublications Office of the European Union
_c2019
300 _aIV, 54 p.
_bgráf. col.
_e1 documento pdf (2,68 mb)
490 1 _aResearch Report
504 _aBibliografía: p. 51-54
541 _cCompra
650 4 _arelaciones laborales
_928369
650 4 _anegociación colectiva
_928362
650 4 _aconcertación social
_930664
650 4 _acondiciones de trabajo
_928327
650 4 _acondiciones de empleo
_930040
650 4 _acrecimiento económico
_927094
650 4 _acompetitividad
_928270
650 4 _acohesión social
_930743
650 4 _acalidad de la vida de trabajo
_930024
650 4 _apolítica laboral
_928290
650 4 _apolítica de empleo
_928300
650 4 _926752
_aUE
650 4 _929020
_apaís de la UE
653 1 0 _aRelaciones laborales-Empleo
700 1 _aCaprile, Maria
_98940
710 2 _93819
_aFundación Europea para la Mejora de las Condiciones de Vida y de Trabajo
830 0 _937741
_aResearch Report (Fundación Europea para la Mejora de las Condiciones de Vida y de Trabajo)
856 4 _uhttp://biblioteca.ces.es/repintra/B51400.pdf
_ytexto completo
_z[intranet]
902 _aLIB Libro
942 _2CES
_cBK
_h2.0.